Arab Dawn (Record no. 813)

MARC details
000 -LEADER
fixed length control field 00543nam a2200241 a 4500
020 ## - INTERNATIONAL STANDARD BOOK NUMBER
ISBN
082 00 - DEWEY DECIMAL CLASSIFICATION NUMBER
Classification number 953
Author Cutter KAR
100 ## - MAIN ENTRY--AUTHOR NAME
Author name Karanjia, R K
245 ## - TITLE STATEMENT
Title Arab Dawn
260 ## - PUBLICATION, DISTRIBUTION, ETC. (IMPRINT)
Place of publication Mumbai
Name of publisher Jaico Pub.House
Year of publication 1958
300 ## - PHYSICAL DESCRIPTION
Number of Pages 414p
500 ## - GENERAL NOTE
General note includes index and biblioraphy
505 2# - FORMATTED CONTENTS NOTE
Formatted contents note Appendex
650 ## - SUBJECT ADDED ENTRY--TOPICAL TERM
Topical Term Arabs-History
942 ## - ADDED ENTRY ELEMENTS (KOHA)
Koha item type Books
700 1# -
-- Karanjia, R K
Holdings
Collection code Home library Current library Date acquired Cost, normal purchase price Full call number Accession Number Koha item type
  Henry Martyn Institute Library Henry Martyn Institute Library 05/24/2005 0.00 953 KAR 01049 Books
                   Copyright © 2026 | Henry Martyn Institute | Hyderabad | TS-500052 | INDIA | Implemented by hmi.edu.in
Hit-Count:

Powered by Koha